000 00427nam a2200157Ia 4500
008 141014s9999||||xx |||||||||||||| ||und||
010 _a25833
082 _aEjm.1
100 _aEl Republicano 1892-1895
245 _aDiaro El Republicano
250 _aS/E
260 _aBiblioteca Ecuatoriana Aurelio Espinosa Pólit Quito-Ecuador
_c2008
300 _aS/P
_cDVD Informativo
650 _aHistoria Ecuatoriana
942 _cBK
999 _c25983
_d25983